000 00596nam a2200193 i 4500
001 40297
003 ES-MaACL
005 20230906160203.0
007 t|
008 030305s1966 sp ||||1| spa d
100 1 _aCarrillo de Albornoz, Angel Francisco.
_935771
245 1 3 _aLa libertad religiosa y el Concilio Vaticano II /
_cA.F. Carrillo de Albornoz.
250 _a1ª ed.
260 _aMadrid :
_bCuadernos para el Diálogo,
_c1966.
300 _a192 p. ;
_c19 cm.
650 4 _aLibertad religiosa.
_914416
710 2 _aCuadernos para el Diálogo.
_93333
852 _aES-MaACL
_jC-29938
999 _c40297
_d40297